[Event "Pfaeffikon Acrevis op 2nd"]
[Site "Pfaeffikon"]
[Date "2022.07.28"]
[Round "1"]
[White "Zamora, Ricardo"]
[Black "Reinhardt, Bernd"]
[Result "0-1"]
[WhiteElo "1732"]
[BlackElo "2115"]
[PlyCount "72"]
[EventDate "2022.07.28"]
[EventType "swiss"]
[EventRounds "6"]
[EventCountry "SUI"]
[SourceTitle "EXT 2023"]
[Source "ChessBase"]
[SourceDate "2022.10.05"]
[SourceVersion "1"]
[SourceVersionDate "2022.10.05"]
[SourceQuality "1"]

1. d4 d6 2. Nf3 g6 3. g3 Bg7 4. Bg2 Nd7 5. c4 e6 6. Nc3 Ne7 7. 0-0 0-0 8. Qc2 a6 9. Rd1 h6 10. e4 Qe8 11. e5 dxe5 12. Nxe5 Nf5 13. Nxd7 Qxd7 14. d5 e5 15. b3 Nd4 16. Qd3 Qg4 17. h3 Qh5 18. g4 Qh4 19. Qg3 Qe7 20. Be3 f5 21. Bxd4 exd4 22. Re1 Qd6 23. Qxd6 cxd6 24. Na4 d3 25. Rad1 fxg4 26. Rxd3 Bf5 27. Rde3 Bd4 28. hxg4 Bxg4 29. f3 Bxf3 30. Bh3 b5 31. Nc3 b4 32. Na4 Rf4 33. Kf2 Raf8 34. Kg3 Bh5 35. Rd3 Bf2+ 36. Kg2 Bxe1 0-1